Les langues régionales en France - Facile - Statistiques

Statistiques générales
  • Ce quiz a été pris 397 fois
    237 depuis la dernière actualisation
  • Le résultat moyen est 7 sur 10
Réponses sur la Carte
Les réponses sont colorées sur une échelle allant du rouge au vert en fonction du pourcentage des utilisateurs qui les ont devinées à leur premier essai. Vous pouvez retrouver ces pourcentages ci-dessous.
 
Statistiques - réponses
Locuteurs Langue % Correct
280 000 Breton
98%
100 000 Corse
88%
50 000 Basque
85%
800 000 Alsacien
84%
1 200 000 Occitan
78%
2 500 000 Créole
75%
110 000 Catalan
73%
30 000 Flamand
45%
1 310 000 Langues d'Oïl
35%
130 000 Franco-Provençal
24%
Aucun quiz correspondant
Distribution des résultats
% des personnes avec chaque résultat
Percentile par nombre de réponses
Votre historique - résultats
Vous n’avez pas pris ce quiz depuis la dernière actualisation